00403 2200145 4500001002100000008004100021035002000062245004500082100002400127260002800151300002000179082001500199650003000214990001300244INLIS000000000000618 ind  a0010-0322000618 aSULTAN DOMAS (CERITA DARI LAMPUNG)cIKHA aGIBRAN DARI LAMPUNG aSURABAYAbCAHAYA AGENCY a24 hlm.c19 cm. a398.395 98 aCERITA RAKYAT - INDONESIA a102819-1